00538nam a2200157Ia 450000500170000000800410001708200190005810000150007724500620009226000400015430000120019450000580020694200060026495200950027099900150036520250305044342.0240331s9999 xx 000 0 und d bAYY26140a920 aAyyanar, B 0aSollil Irunthu Mounathukku - bA Collection of Interviews aChennaibKizhakku Pathippagamc2005 a224 p., aInterviews by the author with some poets and writers. cL 001040708LaWERCLbWERCLcSSCd2024-03-31l0o 920 BOWp6140r2024-03-31w2024-03-31yL c4730d4730